Опыт внедрения интегрированной системы обучения "завод-втуз"; Инженерное образование; № 2

Библиографические подробности
Источник:Инженерное образование: электронный научный журнал/ Ассоциация инженерного образования России (АИОР).— : [Б. и.], 2003-.— 1810-2883
№ 2.— 2004.— [С. 146-155]
Главный автор: Федько В. Т. Валериан Тимофеевич
Другие авторы: Долгун Б. Г. Борис Григорьевич
Примечания:Заглавие с титульного листа
Приведены организация современных систем интегрированного обучения в сфере высшего профессионального образования России, достигаемые цели и решаемые задачи. Обобщен опыт Юргинского технологического института Томского политехнического университета по организации инженерно-производственной подготовки высококвалифицированных специалистов при обучении по интегрированной системе "завод-втуз".
The paper deals with the organization of modern systems for integrated training in Russian institutions of higher professional education. Besides, the achieved objectives and the solution to certain problems are viewed. The experience of Yurga Technological Institute of Tomsk Polytechnic University is summarized, concerning engineering and production training of highly qualified specialists within the integrated education system "factory-higher technical educational institution".
Язык:русский
Опубликовано: 2004
Серии:Опыт инновационной деятельности российских университетов
Предметы:
Online-ссылка:https://old.aeer.ru/files/io/m2/st22.pdf
Формат: Электронный ресурс Статья
Запись в KOHA:https://koha.lib.tpu.ru/cgi-bin/koha/opac-detail.pl?biblionumber=506367

MARC

LEADER 00000naa2a2200000 4500
001 506367
005 20250520152630.0
035 |a (RuTPU)RU\TPU\prd\177276 
035 |a RU\TPU\prd\177275 
090 |a 506367 
100 |a 20130513d2004 k y0rusy50 ca 
101 0 |a rus 
102 |a RU 
135 |a drnn ---uucaa 
181 0 |a i  
182 0 |a b 
200 1 |a Опыт внедрения интегрированной системы обучения "завод-втуз"  |b Электронный ресурс  |f В. Т. Федько, Б. Г. Долгун 
203 |a Текст  |c электронный 
215 |a 1 файл (276 Кб) 
225 1 |a Опыт инновационной деятельности российских университетов 
230 |a Электронные текстовые данные (1 файл : 276 Кб) 
300 |a Заглавие с титульного листа 
320 |a [Библиогр.: с. 155 (1 назв.)] 
330 |a Приведены организация современных систем интегрированного обучения в сфере высшего профессионального образования России, достигаемые цели и решаемые задачи. Обобщен опыт Юргинского технологического института Томского политехнического университета по организации инженерно-производственной подготовки высококвалифицированных специалистов при обучении по интегрированной системе "завод-втуз". 
330 |a The paper deals with the organization of modern systems for integrated training in Russian institutions of higher professional education. Besides, the achieved objectives and the solution to certain problems are viewed. The experience of Yurga Technological Institute of Tomsk Polytechnic University is summarized, concerning engineering and production training of highly qualified specialists within the integrated education system "factory-higher technical educational institution". 
337 |a Adobe Reader 
461 1 |0 (RuTPU)RU\TPU\prd\176632  |x 1810-2883  |t Инженерное образование  |o электронный научный журнал  |f Ассоциация инженерного образования России (АИОР)  |n [Б. и.]  |d 2003- 
463 1 |0 (RuTPU)RU\TPU\prd\177140  |t № 2  |v [С. 146-155]  |d 2004 
601 0 2 |a Томский политехнический университет (ТПУ)  |b Юргинский технологический институт (ЮТИ)  |c (2003-2009)  |2 stltpush  |3 (RuTPU)RU\TPU\col\12451 
610 1 |a высшее профессиональное образование 
610 1 |a интегрированное обучение 
610 1 |a интегрированная система 
610 1 |a внедрение 
610 1 |a опыт 
610 1 |a заводы-втузы 
610 1 |a специалисты 
610 1 |a инженерно-производственная подготовка 
610 1 |a труды учёных ТПУ 
610 1 |a электронный ресурс 
700 1 |a Федько  |b В. Т.  |c российский ученый  |c профессор Томского политехнического университета  |c директор Юргинского технологического института ТПУ  |c Заслуженный изобретатель РФ  |f 1937-  |g Валериан Тимофеевич  |2 stltpush  |3 (RuTPU)RU\TPU\pers\22018 
701 1 |a Долгун  |b Б. Г.  |g Борис Григорьевич 
801 1 |a RU  |b 63413507  |c 20090623  |g PSBO 
801 2 |a RU  |b 63413507  |c 20130513  |g PSBO 
856 4 |u https://old.aeer.ru/files/io/m2/st22.pdf 
942 |c BK